[Event "Madrid Magistral 6th"]
[Site "Madrid"]
[Date "1997.05.31"]
[Round "9"]
[White "Shirov, Alexei"]
[Black "Piket, Jeroen"]
[Result "1-0"]
[WhiteElo "2690"]
[BlackElo "2640"]
[Annotator "Wedberg,T"]
[PlyCount "95"]
[EventDate "1997.06.??"]
[EventType "tourn"]
[EventRounds "9"]
[EventCountry "ESP"]
[EventCategory "17"]
[SourceTitle "CBM 059"]
[Source "ChessBase"]
[SourceDate "1997.08.01"]
[SourceVersion "1"]
[SourceVersionDate "1997.08.01"]
[SourceQuality "1"]

{Shirov tries something new, its not only a move its a whole new concept. He
allows the exchange of his white squared B for a N, something White usually
tries to avoid like the plague in the spanish.} 1. e4 e5 2. Nf3 Nc6 3. Bb5 a6
4. Ba4 Nf6 5. O-O Be7 6. Re1 b5 7. Bb3 d6 8. c3 O-O 9. h3 Na5 10. Bc2 c5 11. d4
Qc7 12. Nbd2 cxd4 13. cxd4 Bd7 14. Nf1 Rfc8 15. Ne3 Nc6 16. dxe5 $146 (16. d5
Nb4 17. Bb1 a5 18. Bd2 Na6 19. Nh2 (19. Bc2 Nc5 20. Rc1 Qb7 21. Nf1 Na4 22. Rb1
Rc7 23. Ng3 g6 24. a3 Qc8 $11 {Szalanczy,E-Eismont,O/Balatonbereny op 1993/EXT
93op/0-1 (72)}) (19. g4 g6 20. Bc2 Nc5 21. Rc1 Qd8 22. Nf1 h5 23. N3h2 hxg4 24.
hxg4 Nh7 25. Kg2 Bg5 $15 {0-1 Krakops,M-Eismont,O/Werfen op 1993/EXT 93op (52)}
) 19... Nc5 20. Qf3 b4 21. Bc2 Qb7 22. b3 a4 $11 {Balashov,Y-Zhidkov,V/Moscow
op2 1995/EXP 50/1/2-1/2 (55)}) (16. Bb3 Na5 (16... exd4 17. Nxd4 Nxd4 18. Qxd4
Be6 19. Nd5 Nxd5 20. exd5 Bf5 21. Bf4 Bf6 22. Qd2 h6 23. Rac1 Qb6 24. Rc6 $1
$16 {Murawski,G-Dworakowski,L/POL-chJ U20 1994/TD 94\01/1-0 (76)}) 17. Nd5 Nxd5
18. Bxd5 Bc6 19. b3 Bf6 20. Bg5 Bxg5 21. Nxg5 Bxd5 22. exd5 h6 23. Ne4 Nb7 24.
Qg4 $16 {1-0 Anka,E-Eismont,O/Harkany op 1993/EXT 93op (34)}) (16. a3 a5 17. d5
Nd8 18. Bd2 a4 19. Bb4 Bf8 20. Bd3 Nb7 21. Qe2 Qb6 22. Nd2 Nc5 23. Kh2 g6 24.
Rac1 $14 {Fischer,R-Bisguier,A/USA ch/1958/59}) 16... dxe5 (16... Nxe5 $5 {
playing for a trap} 17. Nd4 g6 18. f4 (18. b3 $6 Bxh3 $5 19. gxh3 Qc3 20. f4
Qxd4 21. fxe5 Qxa1 22. exf6 Bxf6 $15) 18... Nc6 $13) 17. Bb3 Na5 (17... Nxe4 $2
18. Nd5 $18) 18. Bd5 $5 (18. Nd5 Nxd5 19. Bxd5 Bc6 $11) 18... Rab8 19. b3 Nxd5
20. Nxd5 Qd6 21. Bb2 f6 22. Qd2 Nc6 23. Rad1 Be8 24. Nh4 Bf8 {Piket has
choosen a very sound setup. White has very little if anything here.} 25. Re3
Rb7 26. Rd3 Qe6 27. Nf5 Kh8 28. Nde3 Rbc7 29. Nd6 Rd8 30. Nxe8 Rxe8 31. Nd5
Rcc8 32. Rc1 Red8 33. Nb6 Rxd3 34. Qxd3 Nb4 35. Rxc8 Qxc8 36. Qd7 Qxd7 37. Nxd7
Nd3 $2 {Black is worse, maybe even lost, in the N-ending, because White is
closer to the Q-side with his K. On top of that Blacks N gets restricted,
almost trapped, in the corner.} (37... Bd6 $2 38. Ba3 Kg8 39. Bxb4 Bxb4 40. Nb8
a5 41. Nc6 Bc3 42. Na7 b4 43. Nc6 $16) (37... Be7 38. Ba3 (38. Nb8 Nd3 39. Bc3
Bc5 40. Nxa6 Bxf2+ 41. Kf1 Ba7 $13) 38... Nc6 39. Bxe7 Nxe7 $11) 38. Nxf8 Nxb2
39. Ne6 Nd3 40. Nc7 Nc1 (40... Nc5 41. b4 $1 (41. f3 {Shirov} b4 $11) 41...
Nxe4 42. Nxa6 Nc3 43. a3 Nb1 44. a4 $1 Nc3 (44... bxa4 45. b5 $18) 45. a5 $16)
41. Nxa6 Nxa2 42. Kf1 $1 Nc1 (42... Kg8 {Shirov} 43. Ke1 Kf7 44. Kd2 Ke7 45.
Kc2 b4 46. Kd3 $18) 43. Nc5 Na2 44. Nd3 Kg8 45. Ke1 Kf7 46. Kd2 b4 47. Nc5 Ke7
(47... Nc3 {Shirov} 48. Kd3 Ke7 (48... Nd1 49. f3 $18) 49. Na6 Na2 50. Kc4 $18)
48. Na4 1-0

[Event "Guillermo Garcia Memorial-A 06th"]
[Site "Santa Clara"]
[Date "1998.06.03"]
[Round "9"]
[White "Herrera, Irisberto"]
[Black "Vazquez Igarza, Renier"]
[Result "1-0"]
[WhiteElo "2445"]
[BlackElo "2405"]
[Annotator "Wedberg,T"]
[PlyCount "139"]
[EventDate "1998.05.24"]
[EventType "tourn"]
[EventRounds "13"]
[EventCountry "CUB"]
[EventCategory "9"]
[SourceTitle "CBM 066"]
[Source "ChessBase"]
[SourceDate "1998.09.30"]
[SourceVersion "1"]
[SourceVersionDate "1998.09.30"]
[SourceQuality "1"]

1. e4 {Hecht} e5 2. Nf3 Nc6 3. Bb5 a6 4. Ba4 Nf6 5. O-O Be7 6. Re1 b5 7. Bb3 d6
8. c3 O-O 9. h3 Na5 10. Bc2 c5 11. d4 Qc7 12. Nbd2 cxd4 13. cxd4 Bd7 14. Nf1
Rac8 15. Bd3 Nc6 16. Be3 exd4 17. Nxd4 d5 $6 (17... Ne5 18. Bb1 (18. Bc2 d5 19.
Ng3 dxe4 20. Nxe4 Nxe4 21. Bxe4 Nc4 $11 {1/2-1/2 Byrne,R-Nikolic,P/Reykjavik
1986/EXT 86op (25)}) (18. Bg5 Qc5 19. Nb3 Nf3+ 20. Qxf3 Qxg5 $11 {1-0 Dudek,
R-Renner,C/BL2-S 1994/BL2 (34)}) 18... Nc4 19. Bc1 Rfe8 20. b3 Ne5 21. Bb2 d5
22. f4 Ng6 23. e5 Ne4 24. Bxe4 dxe4 25. Rxe4 Qb7 26. Qf3 Bc5 $132 {1/2-1/2
Jakovenko,D-Lukacs,P/Budapest 1996/EXP 52 (60)}) 18. exd5 Nb4 (18... Nxd5 19.
Bxh7+ Kxh7 20. Qh5+ Kg8 21. Qxd5 $16) 19. Bg5 $146 (19. Nf5 Bxf5 20. Bxf5 Rcd8
21. Rc1 Qb7 22. a3 Rxd5 23. Qf3 $14 {1/2-1/2 Tseshkovsky,V-Kholmov,R/Minsk
1985/MCD-ch (29)}) 19... Bd8 (19... Nbxd5 20. Bxf6 Bxf6 21. Qh5 $18) 20. Ne3
Nfxd5 21. Nxd5 Nxd5 22. Qh5 g6 23. Bxd8 Rcxd8 (23... gxh5 24. Bxc7 Rxc7 25.
Rad1 $16) 24. Qxd5 Bf5 25. Qf3 Rxd4 26. Bxf5 gxf5 27. Qxf5 $16 Qf4 28. Qxf4
Rxf4 29. Rad1 Rc8 30. Rd2 Rfc4 31. Ree2 Kg7 32. g3 a5 33. Re5 R8c5 34. Rdd5
Rxd5 35. Rxd5 Ra4 36. a3 b4 37. Rd3 bxa3 38. bxa3 Kf6 39. Kg2 Ke5 40. Kf3 f5
41. g4 fxg4+ 42. hxg4 h5 $1 $14 43. gxh5 Rh4 44. Ke3 Rxh5 45. f4+ Ke6 46. Ke4
Rc5 47. Rd4 Rc1 48. f5+ Ke7 49. Rd5 a4 50. Rd4 Re1+ 51. Kf4 Kf6 52. Rxa4 Rf1+
53. Ke4 Re1+ 54. Kd5 {[#] Hecht: Nach starken Vereinfachungen behält Schwarz
als Gewinnbauer lediglich seinen a-Bauern übrig, der allerdings gewinnt, wenn
der schwarze König weit genug abgedrängt ist. Eine interessante Verteidigung
besteht für Schwarz darin, den Randbauern von der Seite her anzugreifen, um so
die Aktivitäten des weißen Turms einzuschränken. Nähert sich der König seinem
a-Bauern, so bekommt er von der Seite her Schachs und findet kein Versteck vor.
Auf diese Art und Weise habe ich einmal gegen Sax (Budapest 73), der über die
Bauern a+g bei verblüffend ähnlicher Stellung verfügte, remis gehalten (siehe
CBM 33).} Kxf5 $11 {Das ist allerdings keinesfalls ein Fehler. In Betracht kam:
} (54... Re3 $5 {Hecht gemäß Sax - Hecht, Budapest 73}) 55. Rd4 {Hecht:Sichert
den König und bereitet den Vormarsch des a-Bauern vor. Schwarz macht dennoch
Remis, wenn er entweder sofort seinen König in Marsch setzt (Kf6) oder aber
Te8, was mir am besten gefällt, zieht. Danach droht Td8 und Weiß findet keine
Zeit zu a4. Die ENDSPIEL-CD gibt zusätzlich noch Te7 und Te5+ als Remiszüge an.
Alle anderen Züge verlieren!} Ra1 $2 $18 (55... Re8 $11 56. Kc6 (56. a4 Rd8+
57. Kc5 Rxd4 58. Kxd4 Ke6 59. Kc5 Kd7 60. Kb6 Kc8 $11) 56... Ke5 57. Rd3 Rc8+
58. Kb7 Rc1 59. a4 Ke6 60. a5 Rb1+ 61. Ka8 Ke7 $11) 56. a4 Kf6 {Hecht:zu spät!}
57. Kd6 Kf7 58. Re4 {Hecht:Herrera klemmt planmäßig den schwarzen König ab. So
ist es richtig und so will es auch die ENDSPIEL-CD.} Rd1+ {Hecht:Das
allerdings ist alles andere als zäh. Schwarz muß mit dem König stets am weißen
Turm bleiben, um die Abwanderung des weißen Königs zum a-Bauern zu verhindern.}
(58... Kf6 $142 {Hecht} 59. Rf4+ Kg5 60. Ke5 $1 (60. Rb4 Kf6 61. Kc6 $2 Ke7 $11
) 60... Re1+ 61. Re4 Ra1 62. Ke6 {mit der Drohung Te5 samt a5} Kg6 63. Rg4+ Kh5
64. Kf5 $1 {[#]} Rf1+ (64... Kh6 65. Kf6 Kh5 66. Rf4) 65. Rf4 Re1 66. Rf2 {
[%cal Rf2h2,Rf2a2] Der Brettrand ist entscheidendes Hindernis für Schwarz.} Kh6
67. Ra2 Kg7 68. a5 Kf7 69. a6 Re8 70. Rc2 $1 $18 {[%cal Rc2c7,Ra6a7] [#] Und
Ke7 verbietet sich wegen Turmtausch! Hätten Sie das alles zusammengebracht?!
Ich gebe selbstkritisch zu, daß ich hier große Probleme gehabt hätte. Auch
dies ist wieder ein sehr interessantes Kapitel zum Thema" Lernen und
Trainieren mit der ENDSPIEL-CD". Ich lege Ihnen nahe, weitere Züge für Weiß
wie für Schwarz dem Endspielmonster vorzulegen. Sie erhalten stets die
passende und richtige Antwort.}) 59. Kc6 Ra1 60. Kb6 Rb1+ 61. Ka6 Rb2 62. a5
Kf6 (62... Rb1 {Hecht} 63. Ka7 Rb2 64. a6 Rb1 65. Ka8 Rb2 66. a7 Rb1 67. Rc4 $1
{[%cal Yc4c8,Yc8b8,Ya8b7]} (67. Rh4 $1 {[%cal Yh4h8,Yh8b8,Ya8b7]}) 67... Ke7
68. Rc8 Kd7 69. Rb8 Ra1 70. Kb7 Rb1+ 71. Ka6 Ra1+ 72. Kb6 Rb1+ 73. Kc5 $18) 63.
Re8 Rb1 64. Ka7 Kf7 65. Rb8 Rh1 66. a6 Ke7 67. Rb6 Kd8 68. Kb8 Rc1 69. a7 Rc8+
70. Kb7 1-0

[Event "ESP-chA"]
[Site "Ayamonte"]
[Date "2002.10.08"]
[Round "5"]
[White "Shirov, Alexei"]
[Black "Fernandez Garcia, Jose Luis"]
[Result "1-0"]
[WhiteElo "2699"]
[BlackElo "2453"]
[Annotator "Wedberg,T"]
[PlyCount "53"]
[EventDate "2002.10.04"]
[EventType "tourn"]
[EventRounds "5"]
[EventCountry "ESP"]
[EventCategory "11"]
[SourceTitle "CBM 092"]
[Source "ChessBase"]
[SourceDate "2003.02.06"]
[SourceVersion "1"]
[SourceVersionDate "2003.02.06"]
[SourceQuality "1"]

1. e4 e5 2. Nf3 Nc6 3. Bb5 a6 4. Ba4 Nf6 5. O-O Be7 6. Re1 b5 7. Bb3 d6 8. c3
O-O 9. h3 Na5 10. Bc2 c5 11. d4 Qc7 12. Nbd2 cxd4 13. cxd4 Rd8 14. b3 {Best by
test.} Nc6 15. Bb2 exd4 16. Nxd4 Nxd4 17. Bxd4 Bb7 18. Rc1 Qa5 19. Nf1 Rac8 20.
Ne3 g6 21. Qf3 $1 $146 {[%mdl 128] An interesting novelty initiating a
campaign against the black K.} (21. Bb2 d5 $1 $132 {1/2-1/2 Jakovenko,
D-Fernandez Garcia,J/St Vincent 2002/CBM 86 ext (37). (36)}) 21... Nd7 22. Ng4
Bg5 23. h4 $1 Bxc1 $2 (23... Ne5 24. Bxe5 (24. Nxe5 dxe5 25. b4 Qxb4 26. Bb3
Qe7 27. Bc5 Rxc5 28. Rxc5 Bd2 29. Re2 Bf4 $13) 24... Bxc1 25. Rxc1 dxe5 26. Qf6
$40) (23... Bd2 $5 24. Nf6+ Kf8 25. Nxh7+ Kg8 26. Nf6+ Kf8 27. h5 $5 $40) 24.
Rxc1 {[%cal Yg4h6,Rf3f7] The black K has lost it's protection on the dark
squares. The rest is easy pickings for Shirov.} f5 25. Nh6+ Kf8 26. Qf4 Ne5 27.
exf5 1-0

[Event "Corus"]
[Site "Wijk aan Zee"]
[Date "2005.01.18"]
[Round "4"]
[White "Kramnik, Vladimir"]
[Black "Sokolov, Ivan"]
[Result "1-0"]
[WhiteElo "2754"]
[BlackElo "2685"]
[Annotator "Wedberg,T"]
[PlyCount "71"]
[EventDate "2005.01.15"]
[EventType "tourn"]
[EventRounds "13"]
[EventCountry "NED"]
[EventCategory "19"]
[SourceTitle "CBM 105"]
[Source "ChessBase"]
[SourceDate "2005.04.11"]
[SourceVersion "1"]
[SourceVersionDate "2005.04.11"]
[SourceQuality "1"]

1. e4 e5 2. Nf3 Nc6 3. Bb5 a6 4. Ba4 Nf6 5. O-O Be7 6. Re1 b5 7. Bb3 d6 8. c3
O-O 9. h3 Na5 10. Bc2 c5 11. d4 cxd4 12. cxd4 Bb7 13. d5 Rc8 14. Nbd2 Qc7 15.
Bd3 Nd7 16. Nf1 Nc5 (16... f5 {This is the main idea in this line and it is
best played immediately.} 17. Ng3 (17. exf5 Nc5 18. Ng5 (18. Bb1 Nc4 19. a3 Bf6
20. Ne3 e4 $132 {0-1 Moreno Carnero,J-Kuzmin,A/Port Erin 2003/CBM 096 ext (40)}
) 18... Nxd3 19. Qxd3 Qc4 20. Qg3 Qxd5 $13 {1-0 Ivanov,A-Alonso,R/Linares 1992/
CBM 033 ext (44)}) 17... f4 18. Nf5 Rxf5 (18... Bd8 19. b3 Nc5 20. Bb2 Rxf5 21.
exf5 Nxd3 22. Qxd3 Qc2 23. Qxc2 Rxc2 24. Ba3 $14 {1-0 Solovjov,S-Kuzmin,A/St
Petersburg 2004/CBM 102 (38)}) 19. exf5 Nf6 20. Ng5 Bxd5 21. Be4 $1 Bxe4 22.
Nxe4 Nxe4 23. Rxe4 Qc2 24. Qd5+ Kf8 25. Bd2 $14 {1-0 Hermansson,E-Ong,K/
Gothenburg 2004/CBM 101 ext (39)}) (16... Nc4 {is logical given the problems
with Na5, but Black is cramped after:} 17. b3 Ncb6 18. Ng3 {1-0 Velimirovic,
D-Mihos,T/Athens 2000/EXT 2001 (39)}) 17. b3 $1 {[%csl Ra5] The offside N on
a5 is the main weakness in Black's position.} (17. Bb1 Na4 18. Ng3 g6 19. h4
Qxc1 $5 20. Qxc1 Rxc1 21. Rxc1 Nxb2 $13 {0-1 Golubev,M-Mahesh Chandran,P/Paris
2004/CBM 101 ext (46)}) 17... f5 {Make or break - this has to be played.} (
17... Nxd3 18. Qxd3 Ba8 19. Ne3 Nb7 20. b4 $16 {[%csl Rb7] 1-0 Szelag,
M-Sendera,J/Lubniewice 2003/EXT 2004 (30)}) 18. exf5 Bf6 $146 (18... Bxd5 19.
Be2 Bxf3 20. Bxf3 Nc6 21. Ne3 Kh8 22. Nd5 Qd8 23. Be3 $16 {was terrible for
Black in 1-0 Sax,G-Tseshkovsky,V/Wijk aan Zee 1989/CBM 011 (40)}) 19. Be4 Qf7 (
19... Nxe4 20. Rxe4 Qf7 21. Ne3 {and Black is completely without play.}) 20.
Ng3 Nxe4 21. Nxe4 Qxd5 {Optically Black has a lot going for him here: pair of
B:s on good diagonals, centre P:s and a centralized Q. So what does the world
champion see for White here?} 22. Bd2 $1 {He sees a misplaced N on a5 and two
centre P:s that are fairly weak at the moment. He has also seen White's
overweight on the K-side which can be an important trump if handled well.} (22.
Nxd6 $2 e4 $17) (22. Ba3 Qxd1 23. Raxd1 Bxe4 24. Rxe4 Nb7 25. Re2 a5 $1 $13)
22... Nc6 23. Bg5 $1 {Winning the d6-P and putting pressure on Black to find
compensation.} Nb4 (23... Nd4 24. Nxd4 exd4 25. Bxf6 gxf6 26. Qd2 Rce8 (26...
d3 27. Re3 $16) 27. f3 $16 {[%csl Rd4,Rd6,Rf6][%cal Ya1d1] Solid White
advantage due to Black's weak P:s.}) 24. Bxf6 gxf6 25. Nxd6 Qxd1 26. Rexd1 Bxf3
27. gxf3 Rc3 28. a4 $5 {[%mdl 128] Aggressive move, but to win in chess you
have to set problems for your opponent that he cannot handle.} (28. Kg2 Nd3 29.
Ne4 Nf4+ 30. Kg3 Rc6 (30... Rc7 31. Rd6 $1 $36) 31. Rd7 Rf7 32. Rad1 $14) 28...
Rxb3 $2 (28... Rxf3 29. axb5 axb5 30. Kg2 Rxb3 31. Kh2 Kg7 32. Rg1+ Kh6 33. Rg4
Rb2 34. Ne4 (34. Ra7 Rxf2+ 35. Kg3 Rf4 36. Nf7+ Rxf7 37. Rxf7 Nd5 $14) 34...
Nc6 35. Rag1 {Strong attack for White, but is it winning? Not clear.}) 29. axb5
axb5 30. Kh2 Kg7 31. Rg1+ Kh6 32. Rg4 Nc6 (32... Rb2 33. Ra7 Rxf2+ 34. Kg3 $18)
33. Rag1 Kh5 $2 {The final mistake.} (33... Rb4 $1 34. Nxb5 Rd8 35. Nc7 $14)
34. Rg7 h6 35. Ne4 Rxf3 36. R1g4 1-0

[Event "Corus"]
[Site "Wijk aan Zee"]
[Date "2005.01.18"]
[Round "4"]
[White "Anand, Viswanathan"]
[Black "Svidler, Peter"]
[Result "1/2-1/2"]
[WhiteElo "2786"]
[BlackElo "2735"]
[Annotator "Wedberg,T"]
[PlyCount "110"]
[EventDate "2005.01.15"]
[EventType "tourn"]
[EventRounds "13"]
[EventCountry "NED"]
[EventCategory "19"]
[SourceTitle "CBM 105"]
[Source "ChessBase"]
[SourceDate "2005.04.11"]
[SourceVersion "1"]
[SourceVersionDate "2005.04.11"]
[SourceQuality "1"]

1. e4 e5 2. Nf3 Nc6 3. Bb5 a6 4. Ba4 Nf6 5. O-O Be7 6. Re1 b5 7. Bb3 O-O 8. c3
d6 9. h3 Na5 10. Bc2 c5 11. d4 Qc7 12. Nbd2 cxd4 13. cxd4 Nc6 14. a3 {White
takes away the b4-square but this allows Black possibilities involving taking
on d4. The alternatives are:} (14. d5 Nb4 15. Bb1 a5 16. a3 Na6 17. b4 axb4 18.
axb4 Bd7 {Solid for both. White can hope for some plus due to his space
advantage in the centre.}) (14. Nb3 a5 15. Be3 a4 16. Nbd2 Bd7 17. Rc1 {
A more fluid game than in the previous line. White has chances in the centre
and can try to generate play around the square c5 after exchanging on e5.
Black is on the other hand well advanced on the Q-side.}) 14... exd4 (14... Bb7
15. d5 Nb8 16. Nb3 Rc8 17. Bd3 Nbd7 18. Bd2 Nc5 19. Ba5 Qb8 20. Nxc5 dxc5 21.
b3 Nd7 22. a4 b4 23. Nd2 Bd8 24. Bxd8 Rxd8 25. a5 $14 {1-0 Anand,V-Nikolic,P/
Germany 2004/EXT 2005 (53)}) 15. Nb3 d3 (15... Bb7 16. Nbxd4 Nxd4 17. Nxd4 Rfe8
18. Bf4 $14 {1/2-1/2 Favaro,E-Royset,P/Buenos Aires 1992/EXT 97 (45)}) 16. Bxd3
(16. Qxd3 Ne5 17. Nxe5 dxe5 18. Bd2 Be6 $11 {0-1 Johansson,M-Nilsson,Z/Sweden
1965/EXT 2002 (45)}) 16... Ne5 17. Bf4 $5 {[%mdl 8] Anand gives away the
spanish B. This is always a slightly surprising decision. Here White gets fast
development and central pressure in return.} (17. Nxe5 dxe5 18. Be3 Be6 19. Rc1
Qd7 20. Nc5 Bxc5 21. Rxc5 Rfd8 22. Bc2 Qb7 23. Qb1 Nd7 {1/2-1/2 Byrne,R-Lein,A/
Amsterdam 1979/MCL}) 17... Nxd3 18. Qxd3 Re8 (18... Be6 19. Nbd4 Rac8 $14) 19.
Rac1 Qb6 20. Be3 Qb7 21. Bd2 Bd8 $6 {Svidler wants to unsettle Anand with a
P-sacrifice. According to reports he was already considering his position
inferior. Still a daring and/or slightly desperate decision at this early
stage.} (21... Be6 {is solid but maybe not very comfortable.} 22. Na5 Qd7 23.
Nd4 $14) 22. Qxd6 $1 Bb6 23. Ba5 $5 (23. Qc6 Qa7 $132) (23. e5 $1 Nd5 24. Nc5
Bxc5 25. Rxc5 $16) 23... Bxf2+ $1 {White will be better, but the game is
unbalanced at least.} 24. Kxf2 Nxe4+ 25. Rxe4 Qxe4 26. Qd2 (26. Re1 Qc2+ 27.
Qd2 Qxd2+ 28. Bxd2 Rxe1 29. Bxe1 {is minutely better for White but far from
winning - the black R is strong and unopposed.}) 26... Qg6 27. Nc5 Bf5 28. Qg5
Qxg5 29. Nxg5 $14 {This is better for White. Compared to the previous note
White still has a R on the board.} Re5 30. Nf3 Rd5 31. Rc3 h5 32. Kg3 f6 33.
Kh2 {White makes some preparations before starting his activity. Still in the
end the K is not too happy on h2.} Kf7 34. Nh4 Bh7 35. Nb3 Re8 36. Bb4 g5 37.
Nf3 Be4 38. Rc7+ Kg6 39. Nfd4 (39. Nfd2 Bf5 40. Rc6 Re6 {After an exchange of
R:s White has nothing.}) 39... Rde5 40. Nc5 Bd5 41. Bc3 $2 (41. Rd7 $5 {
was a better chance.} a5 42. Bxa5 Bxg2 43. Kxg2 Rxc5 44. Bc3 $16) 41... h4 (
41... Re2 $5 {is an option here.}) 42. Nxa6 (42. Rd7 Bxg2 $1 43. Kxg2 Rxc5 44.
Rd6 Re3 45. Rxa6 Rce5 $132 {[%csl Rg2]}) 42... Re2 $1 {Black must act or go
down slowly when White picks P after P.} 43. Nxe2 Rxe2 44. Kg1 Bxg2 45. Nc5
Bxh3 46. Rc6 Rg2+ 47. Kh1 Rf2 48. Rd6 g4 $2 (48... Rf1+ $1 49. Kh2 Rf2+ $1 50.
Kxh3 (50. Kh1 $11) 50... Kh5 51. Rd4 f5 52. Rxh4+ gxh4 $13) 49. Ne4 $2 (49. Nd3
$1 Rf5 50. Bd2 $16 {[%cal Yd3f4]}) 49... Rf4 50. Rxf6+ Rxf6 51. Nxf6 g3 $11 {
The P:s and the B just makes a draw here.} 52. Nd5 Bd7 53. Kg1 h3 54. Be5 (54.
Ne3 Bc6 55. Nf1 h2+ 56. Nxh2 gxh2+ 57. Kxh2 $11) 54... h2+ 55. Kg2 Bc6 1/2-1/2

[Event "Biel GM"]
[Site "Biel"]
[Date "2003.07.27"]
[Round "6"]
[White "Bacrot, Etienne"]
[Black "Kortschnoj, Viktor Lvovich"]
[Result "1-0"]
[WhiteElo "2645"]
[BlackElo "2628"]
[Annotator "Wedberg,T"]
[PlyCount "111"]
[EventDate "2003.07.21"]
[EventType "tourn"]
[EventRounds "11"]
[EventCountry "SUI"]
[EventCategory "16"]
[SourceTitle "CBM 097"]
[Source "ChessBase"]
[SourceDate "2003.11.11"]
[SourceVersion "1"]
[SourceVersionDate "2003.11.11"]
[SourceQuality "1"]

1. e4 e5 2. Nf3 Nc6 3. Bb5 a6 4. Ba4 Nf6 5. O-O Be7 6. Re1 b5 7. Bb3 d6 8. c3
O-O 9. h3 Na5 10. Bc2 c5 11. d4 Qc7 12. Nbd2 cxd4 13. cxd4 Bd7 14. Nf1 Rac8 15.
Ne3 Nc6 16. Bb3 (16. d5 {is the main line.}) 16... Nxd4 {Highly unusual and
hardly recommendable.} (16... Na5 17. Nd5 (17. Bc2 Nc6 {has been tried a few
times.}) 17... Nxd5 18. Bxd5 exd4 19. Nxd4 Bf6 20. b3 Nc6 21. Bb2 Nb4 22. Rc1
Qb6 $13 {1/2-1/2 Berelovich,A-Obukhov,A/Azov 1993/CBM 37 ext (61)}) 17. Nxd4
exd4 18. Qxd4 Qc5 19. Qd3 (19. Qxc5 dxc5 20. e5 Ne8 21. Nd5 Bd8 22. a4 Be6 23.
Rd1 Nc7 $15 {0-1 Estrada Nieto,J-Cladouras,P/Budapest 1998/CBM 63 ext (28)})
19... Rfe8 (19... Be6 20. Nf5 (20. Bd2 Qc6 21. Rac1 Qb7 22. Nf5 Rxc1 23. Nxe7+
Qxe7 24. Bxc1 Bxb3 25. Qxb3 $11 {1/2-1/2 Rodriguez Lopez,R-Cladouras,P/
Budapest 1998/CBM 63 ext (31)}) 20... Bxf5 21. exf5 d5 22. Be3 Qd6 23. a4 Bd8
24. Bd4 $14 {1-0 Sherzer,A-Cladouras,P/Budapest 1998/CBM 63 ext (44)}) 20. Nf5
$1 Bxf5 21. exf5 d5 22. Be3 Qb4 23. a3 Qe4 {A strange choice by the great
endgame expert. The exchange of Q:s is not desirable for Black here since
White has all the chances in the following endgame. Better keep the Q:s and
play for a complex middle game.} 24. Qxe4 dxe4 25. a4 $14 {A pair of B:s in an
open position always yields a slight plus - given that everything else is
equal.} bxa4 26. Bxa4 Red8 27. Rac1 h6 28. Rxc8 Rxc8 29. Rc1 Rb8 30. b3 Nd5 31.
Ba7 Ra8 32. Bd4 Bb4 33. Rc4 $1 {[%csl Re4][%cal Yc4e4] The weak e4-P and the
lose Nd5 gives Black quite a headache here.} a5 34. Bc6 Rd8 35. g3 Bd2 36. Kf1
e3 37. Bxd5 $1 Rxd5 38. f6 $1 gxf6 39. fxe3 {[%csl Ra5,Rf6] Equal material but
clear advantage for White due to better P:s and a dominating B.} Rd6 40. Bc5
Rd5 41. Ke2 Kh7 42. Ba3 {Threatening Rd4.} Bb4 {The R-ending might be the best
chance - even though it´s slim here.} (42... f5 43. Rd4 Rxd4 44. exd4 Bc3 45.
Kd3 Be1 46. Bd6 $18) 43. Bxb4 axb4 44. Rxb4 h5 45. Rd4 Rg5 46. Kf3 Rb5 47. b4
f5 48. Ke2 Kg6 49. Kd3 Re5 50. h4 Kf6 51. Rf4 Kg6 52. Kd4 f6 53. Kc4 $1 Rxe3
54. b5 Rxg3 55. b6 Rg1 56. Kb5 1-0